5 Biggest Cities in - The Philippines - Statistics

General Stats
  • This quiz has been taken 206 times
  • The average score is 3 of 5
Answer Stats
Population City % Correct
12,877,253 Manila
92%
2,849,213 Cebu
87%
2,516,216 Davao
77%
1,132,933 Angeles
27%
1,376,343 Cagayan de Oro
16%
No matching quizzes found
Score Distribution
Percent of People with Each Score
Percentile by Number Answered
Your Score History
You have not taken this quiz